Normal view
MARC view
- طه، مصطفى كمال
Entry Personal Name
001 - CONTROL NUMBER
- control field: 46534
003 - CONTROL NUMBER IDENTIFIER
- control field: JO-AjAnu
005 - DATE AND TIME OF LATEST TRANSACTION
- control field: 20230606081705.0
008 - FIXED-LENGTH DATA ELEMENTS
- fixed length control field: 230606|| aca||aabn | a|a d
040 ## - CATALOGING SOURCE
- Original cataloging agency: JO-AjAnu
- Transcribing agency: JO-AjAnu
100 ## - HEADING--PERSONAL NAME
- Personal name: طه، مصطفى كمال
670 ## - SOURCE DATA FOUND
- Source citation: Work cat.: (JO-AjAnu)23820: طه، مصطفى كمال, author, القانون التجاري: مقدمة - الأعمال التجارية والبحار : الشركات التجارية - الملكية التجارية والصناعية